00404nam a2200157 450000500170000001000150001702000270003203500140005903700130007308200170008610000180010324500380012126000280015927000380018730000210022520220610162829.0 aENG-133210 a9789383381609c1250.00 aEN-116742 bDBAD/PUB a658.32530973 aSarma, Pranab aPension Management/cPranab Sarma aDelhibAadi Booksc2015 a23/4, Shakti NagarbDelhie110007 a236p.c22cm(hbk)